750 Sermon Outlines / (Record no. 3348)

MARC details
000 -LEADER
fixed length control field 00440nam a2200157Ia 4500
003 - CONTROL NUMBER IDENTIFIER
control field GBCCL
005 - DATE AND TIME OF LATEST TRANSACTION
control field 20241126110453.0
008 - FIXED-LENGTH DATA ELEMENTS--GENERAL INFORMATION
fixed length control field 171124b xxu||||| |||| 00| 0 eng d
040 ## - CATALOGING SOURCE
Transcribing agency gbc
082 ## - DEWEY DECIMAL CLASSIFICATION NUMBER
Classification number 251.02
Item number SER
245 ## - TITLE STATEMENT
Title 750 Sermon Outlines /
Statement of responsibility, etc. Compiled and Edited by George W. Noble
260 ## - PUBLICATION, DISTRIBUTION, ETC.
Place of publication, distribution, etc. Madras:
Name of publisher, distributor, etc. Evangelical Literature Services,
Date of publication, distribution, etc. 1992
300 ## - PHYSICAL DESCRIPTION
Extent 204p.;
Dimensions 18 cm.
650 ## - SUBJECT ADDED ENTRY--TOPICAL TERM
Topical term or geographic name entry element Sermon
Form subdivision Outlines
9 (RLIN) 6851
942 ## - ADDED ENTRY ELEMENTS (KOHA)
Source of classification or shelving scheme Dewey Decimal Classification
Koha item type Books
Koha issues (borrowed), all copies 5
Holdings
Withdrawn status Lost status Source of classification or shelving scheme Damaged status Not for loan Home library Current Library Shelving location Date acquired Total checkouts Full call number Barcode Date last seen Date last checked out Copy number Price effective from Koha item type
    Dewey Decimal Classification     GRACE BIBLE COLLEGE GRACE BIBLE COLLEGE Ministry & Mission 2017-11-24 5 251.02 SER 013289 2025-05-01 2023-03-09 c.1 2017-11-24 Books
© Grace Bible College Library 2025